Manual del teclado Monotype
Descripción Física:
187 p. : il. ; 22 cm
Otros Autores:
Monotype Users'Associations. National Committee
MARC
| LEADER | 00000nam a2200000Ia 4500 | ||
|---|---|---|---|
| 001 | 13896 | ||
| 008 | 160829s1961 xx 000 0 cat d | ||
| 080 | |a C-2-228 | ||
| 245 | |a Manual del teclado Monotype | ||
| 250 | |a Ed. en castellano | ||
| 260 | |a Bilbao : |b Artes Gráficas Grijelmo, |c 1961 | ||
| 300 | |a 187 p. : |b il. ; |c 22 cm | ||
| 590 | |a Adaptació espanyola del manual publicat per: The National Committee of Monotype User's Associations (Londres) | ||
| 650 | |a Monotip |9 38870 | ||
| 650 | |a Impremta |x Maquinària i accessoris |9 20259 | ||
| 700 | |a Monotype Users'Associations. National Committee |9 37904 | ||
| 901 | |a Arxiu | ||
| 942 | |n 1 | ||
| 952 | |0 0 |1 0 |4 0 |6 C2228 |7 1 |9 48147 |a Arxiu |b Arxiu |d 2016-12-01 |l 0 |o C-2-228 |p 13896 |r 2016-12-01 00:00:00 |w 2016-12-01 |y ARXIU | ||
| 999 | |c 51950 |d 51950 | ||